000 00829nam a2200253 a 4500
001 000042560
003 DO-SdBNP
005 20250408123231.0
007 ta
008 140127s2011 dr a 001 0 spa d
020 _a9789945140903
040 _aDO-SdBNP
_bspa
_cBNPHU
100 1 _aAbinader, José Rafael,
_911652
_d1929-2018.
245 1 0 _aVerdades históricas /
_cJosé Rafael Abinader Wasaf ; prólogo Manuel Núñez.
260 _aSanto Domingo :
_bCorripio,
_c2011.
300 _axi, 378 p. :
_bil. ;
_c23 cm.
500 _aIncluye índice onomástico
500 _aIncluye datos biográficos del autor en la solapa de la cubierta.
504 _aBibliografía : p. 369-376
590 _aInventariado, 2021 /LP
700 1 _aNúñez, Manuel,
_d1957-
_eprólogo
_92366
910 _aLopérez.
942 _2ddc
_cLBS1
999 _c42049
_d42049